| 000 | 02113nam a2200421 c 4500 | ||
|---|---|---|---|
| 003 | BLK | ||
| 005 | 20250118152346.0 | ||
| 008 | 180408b bul|||||r ||||||| ||bul|| | ||
| 010 | _aKNG00078143000 | ||
| 020 |
_a954-771-122-9 _bиздат.: Кръгозор - на том(кн. 2) |
||
| 020 |
_a978-954-771-122-8 _bиздат.: Кръгозор - на том(кн. 2) |
||
| 040 | _aBLK | ||
| 041 |
_aBUL _cBUL |
||
| 080 |
_aИстория на България в основното училище _b372.894.972 _x(0:82-34)(076)(075.2) _z372.894.972(0:82-34)(076)(075.2) |
||
| 080 |
_aРодинознание _b372.48 _x(0:82-34)(076)(075.2) _z372.48(0:82-34)(076)(075.2) |
||
| 080 |
_aБългарска литература _b821.163.2 _x-93-34 _z821.163.2-93-34 |
||
| 100 | 1 |
_aАндреев, Йордан Киров _eпърви автор _9365996 |
|
| 139 |
_aАндреев, Йордан Киров _bА 66 |
||
| 245 | 1 | 0 |
_a[Двадесет и четири] 24 приказки за българската история _bУч. помагало ІV - V кл. : Кн. 1 - 2 _cЙордан Киров Андреев. _nКн. 2 _pВторо българско царство ХІІ - ХІV в. |
| 257 | _aBGR | ||
| 260 |
_аСофия _c2006 - _fСофия : Вулкан |
||
| 300 | _c23 см | ||
| 380 | _a3 | ||
| 650 | 7 |
_aБългария - история - учебни помагала _2 _9149565 |
|
| 650 | 4 |
_aРодинознание - учебни помагала _9246598 |
|
| 651 | 4 |
_aБългария _9241624 |
|
| 653 | _aбългарска история | ||
| 653 | _aприказки | ||
| 653 | _aучебни помагала | ||
| 653 | _aучебници за основни училища | ||
| 760 | 1 |
_3- на том(кн. 2) _aАндреев, Йордан Киров _dКръгозор, 2006 _h72 с. _tКн. 2 Второ българско царство ХІІ - ХІV в. |
|
| 852 | _aЦб 235939 | ||
| 856 | 4 |
_qpdf _u |
|
| 856 | 4 |
_qpdf _u |
|
| 942 |
_cKNG _n0 _03 |
||
| 944 |
_aCR _c04.10.2007 _lГеновева Генчева _k30560 |
||
| 944 |
_aED _c06.04.2012 _lф / _k |
||
| 999 |
_c73748 _d73748 |
||